000 01788nam a22004095i 4500
001 166687
003 ES-MaACL
005 20250801063046.0
008 950104s1845 sp a |||| | spa d
040 _aCAT
_bspa
_cCAT
_dCCPB
043 _ae-sp
080 4 _a821.111-31"18"
080 4 _a929 Pedro (460.18) I (0:82)
100 1 _aTrueba y Cosío, Telesforo de,
_d1799-1835
_eaut
_9133398
245 1 3 _aEl castellano, o El príncipe negro en España :
_bnovela histórica española /
_cpor D. Telesforo de Trueba y Cosío ; traducción libre de D.J.S.S.
260 _aBarcelona :
_b[s.n.],
_c1845
_f(Imp. de D. Juan Oliveres)
300 _a2 tomos en 1 volumen (234 páginas, [1] hoja de lámina ; 254 páginas, [1] hoja de lámina) ;
_c17 cm
490 1 _aTesoro de autores ilustres ;
_v43-44
500 _aÍndice
530 _aDisponible en formato digital
594 _aJ.S.S.: iniciales de José Santiago y Santaella
597 _aCon 10 páginas de propaganda editorial
599 _aLáminas: grabados calcográficos
600 0 4 _aPedro
_bI,
_cRey de Castilla-
_vNovelas
_9144557
655 7 _aNovelas históricas
_2tgfbne
_9226782
700 1 _aSantiago y Santaella, José,
_dm. 1856
_etrl
_9132436
700 1 _aOliveres Gavarró, Juan,
_d1812-1891
_eprm
_9130631
740 3 2 _aEl príncipe negro en España
752 _aEspaña -
_dBarcelona
830 0 _aTesoro de autores ilustres ,
_v43-44
_9188006
852 4 _aES-MaACL
_cDEPO2
_jF-2906
_xEnc. 2 t. en 1 v.
_xHolandesa
856 _uhttps://bibliotecadigital.jcyl.es/es/consulta/registro.do?id=20915
_yVersión en línea
_z(Biblioteca Digital de Castilla y León (BDCYL))
942 _2udc
_cMONANT
_n0
999 _c166687
_d166687